Villes du Québec - Quiz - Statistiques

Statistiques générales
  • Ce quiz a été pris 75 fois
  • Le résultat moyen est 8 sur 10
Statistiques - réponses
Question Réponse % Correct
Quelle ville parmi celles-ci est une ville du Québec? Amos
100%
Quelle ville parmi celles-ci est une ville du Québec? Amqui
100%
Quelle ville parmi celles-ci est une ville du Québec? Bromont
92%
Quelle ville parmi celles-ci est une ville du Québec? Westmount
92%
Quelle ville parmi celles-ci est une ville du Québec? Matagami
83%
Quelle ville parmi celles-ci est une ville du Québec? Waterloo
83%
Quelle ville parmi celles-ci est une ville du Québec? Saint-Pie
67%
Quelle ville parmi celles-ci est une ville du Québec? Delson
58%
Quelle ville parmi celles-ci est une ville du Québec? Kirkland
50%
Quelle ville parmi celles-ci est une ville du Québec? Léry
50%
Aucun quiz correspondant
Distribution des résultats
% des personnes avec chaque résultat
Percentile par nombre de réponses
Votre historique - résultats
Vous n’avez pas pris ce quiz